000 00345nam a22001457a 4500
003 OSt
005 20160727222353.0
008 160622b xxu||||| |||| 00| 0 eng d
040 _cTEST
100 _9455
_aBendick, J., et al
245 _aElementary Science - 6
260 _aGinn&Comp
_c1980
300 _aElementary Science - 6
942 _2ddc
_cBK
999 _c376
_d376